Normal view
MARC view
- Graham, Dunstan
Entry Personal Name
001 - CONTROL NUMBER
- control field: 111163
003 - CONTROL NUMBER IDENTIFIER
- control field: NUST
005 - DATE AND TIME OF LATEST TRANSACTION
- control field: 20230322162540.0
008 - FIXED-LENGTH DATA ELEMENTS
- fixed length control field: 230322|| aca||aabn | a|a d
040 ## - CATALOGING SOURCE
- Original cataloging agency: NUST
- Transcribing agency: NUST
100 ## - HEADING--PERSONAL NAME
- Personal name: Graham, Dunstan
670 ## - SOURCE DATA FOUND
- Source citation: Work cat.: (NUST)0: McRuer, Duane T. 111161, Aircraft dynamics and automatic control, 1973 [i.e. 1974]
